| 000 | 00963nac a22002657a 4500 | ||
|---|---|---|---|
| 001 | BR8400437 | ||
| 003 | BR-BrBNA | ||
| 005 | 20240105115927.0 | ||
| 008 | 230509b bl.|||m| |||| 00| 0 por d | ||
| 040 |
_aBR-BrBNA _bpor _cBiblioteca Nacional de Agricultura |
||
| 072 | _aF30 | ||
| 090 | _a1950 BR8400437 | ||
| 100 | 1 | _aSerpa, A. | |
| 100 | 1 | _aDias, P.F. | |
| 110 | 1 | _aEmpresa de Pesquisa Agropecuaria do Estado do Rio de Janeiro, Niteroi (Brasil) | |
| 245 | 1 | _aObservacoes sobre a fecundacao natural em Centrosema pubescens Benth. | |
| 246 | 1 | _a[Observations on natural fertilization in Centrosema pubescens Benth.] | |
| 260 | 3 |
_aNiteroi, RJ (Brasil): _c1983. |
|
| 300 | _a3 p. | ||
| 490 |
_aPesquisa em Andamento - Empresa de Pesquisa Agropecuaria do Estado do Rio de Janeiro (Brazil) _vno. 22 _xISSN 0101-5052 |
||
| 650 | _aCENTROSEMA | ||
| 650 | _aFECUNDACAO VEGETAL | ||
| 909 |
_a202312 _bLúcia Elande _c55 _dLúcia Elande |
||
| 942 |
_2AGRIS _n0 _cMS |
||
| 999 |
_c277114 _d277114 |
||